000
00288nam a22001337a 4500
008
180310b xxu||||| |||| 00| 0 eng d
020
_a
9781464133022
041
_a
eng
080
_a
510
100
_a
36
101
_a
MAT
245
_a
Calculus 113/ 114
_c
Rogawski, J
942
_2
udc
_c
BK
999
_c
44659
_d
44659